000 00430nam a22001817a 4500
003 koha_MIRAKIL
005 20231213095404.0
008 231213b |||||||| |||| 00| 0 ||| d
020 _b9-75868831-6
040 _aTR-IsEVY
_btur
_cTR-IsEVY
082 _a843.7 BAL/E
100 _aBALZAC,.
245 0 _aEUGENIE GRANDET.
260 _bBORDO SİYAH,
_c2004
300 _a264.
650 _aTürk Edebiyatı.
942 _2ddc
_cBK
999 _c2794
_d2794